[Event "Olympiad-44"]
[Site "Chennai"]
[Date "2022.08.03"]
[Round "6.2"]
[White "Diarra, Sirike"]
[Black "Njau, Albert"]
[Result "1-0"]
[WhiteElo "1641"]
[BlackElo "1842"]
[PlyCount "57"]
[EventDate "2022.07.29"]
[EventType "team-swiss"]
[EventRounds "11"]
[EventCountry "IND"]
[SourceTitle "CBM 210"]
[Source "ChessBase"]
[SourceDate "2022.10.31"]
[SourceVersion "1"]
[SourceVersionDate "2022.10.31"]
[SourceQuality "1"]
[WhiteTeam "Mali"]
[BlackTeam "Tanzania"]
[WhiteTeamCountry "MLI"]
[BlackTeamCountry "TAN"]

1. e4 e5 2. f4 Nf6 3. Nc3 d5 4. fxe5 Nxe4 5. Nf3 Bc5 6. d4 Bb4 7. Bd2 Nxd2 8. Qxd2 Bf5 9. Bd3 Qd7 10. 0-0 0-0 11. a3 Bxd3 12. Qxd3 Be7 13. Rae1 Nc6 14. Ne2 Rae8 15. Ng3 g6 16. Qd2 Kg7 17. h3 Nd8 18. Nh2 Ne6 19. Ng4 Bg5 20. Qf2 Rc8 21. Nf6 Qd8 22. h4 Bh6 23. Nf5+ Kh8 24. Nxh6 c5 25. c3 cxd4 26. cxd4 Rc4 27. Rd1 b5 28. Rd2 Kg7 29. Qe3 1-0

[Event "Cappelle Online Blitz op"]
[Site "Europe Echecs INT"]
[Date "2022.01.09"]
[Round "6"]
[White "Gandreuil, Brice"]
[Black "Njau, Albert"]
[Result "0-1"]
[WhiteElo "1414"]
[BlackElo "1805"]
[PlyCount "78"]
[EventDate "2022.01.09"]
[EventType "swiss (blitz)"]
[EventRounds "11"]
[EventCountry "FRA"]
[SourceTitle "EXT 2023"]
[Source "ChessBase"]
[SourceDate "2022.10.05"]
[SourceVersion "1"]
[SourceVersionDate "2022.10.05"]
[SourceQuality "1"]

1. e4 d6 2. d4 Nf6 3. Nc3 Nbd7 4. Bc4 e5 5. Nf3 Be7 6. 0-0 0-0 7. Be3 c6 8. Qd2 Ng4 9. dxe5 Nxe3 10. Qxe3 dxe5 11. Rad1 Qc7 12. a4 h6 13. Rd3 Nc5 14. Rd2 Be6 15. Bxe6 Nxe6 16. Rfd1 Rfd8 17. Ne2 Bc5 18. Qc3 f6 19. Qc4 Qf7 20. c3 Rxd2 21. Rxd2 Bb6 22. b4 Rd8 23. Rxd8+ Nxd8 24. Qxf7+ Kxf7 25. Kf1 Ne6 26. Nd2 Bc7 27. Nb3 Ke7 28. Ke1 Bd6 29. Kd2 Ng5 30. f3 h5 31. Ng3 g6 32. Kd3 Bc7 33. Nc5 b6 34. Na6 Bd6 35. c4 Ne6 36. Ne2 Kd7 37. b5 h4 38. Nb8+ Bxb8 39. g3 Nc5+ 0-1